[Event "Polanica Zdroj op-F 56th"]
[Site "Polanica Zdroj"]
[Date "2020.08.22"]
[Round "8"]
[White "Zenker, Bernard"]
[Black "Lesnikowski, Maciej"]
[Result "1/2-1/2"]
[WhiteElo "1325"]
[BlackElo "1407"]
[PlyCount "46"]
[EventDate "2020.08.15"]
[EventType "swiss"]
[EventRounds "9"]
[EventCountry "POL"]
[SourceTitle "CBM 198 Extra"]
[Source "ChessBase"]
[SourceDate "2020.11.30"]
[SourceVersion "1"]
[SourceVersionDate "2020.11.30"]
[SourceQuality "1"]

1. d4 d5 2. c4 e6 3. Nc3 Nf6 4. Bg5 Be7 5. Nf3 c6 6. e3 0-0 7. Qc2 Qc7 8. Bd3 Nbd7 9. 0-0 h6 10. Bh4 Nb6 11. Bg3 Qd8 12. b3 Ne8 13. e4 dxc4 14. bxc4 Nf6 15. h3 Nh7 16. Rfd1 Ng5 17. Nxg5 Bxg5 18. Be2 Qf6 19. e5 Qe7 20. Ne4 Rd8 21. a4 Bd7 22. a5 Nc8 23. Rab1 Rb8 1/2-1/2

[Event "Polanica Zdroj op-F 56th"]
[Site "Polanica Zdroj"]
[Date "2020.08.18"]
[Round "4"]
[White "Goral, Antoni"]
[Black "Lesnikowski, Maciej"]
[Result "0-1"]
[WhiteElo "1196"]
[BlackElo "1407"]
[PlyCount "120"]
[EventDate "2020.08.15"]
[EventType "swiss"]
[EventRounds "9"]
[EventCountry "POL"]
[SourceTitle "CBM 198 Extra"]
[Source "ChessBase"]
[SourceDate "2020.11.30"]
[SourceVersion "1"]
[SourceVersionDate "2020.11.30"]
[SourceQuality "1"]

1. d4 d5 2. Nf3 Nf6 3. Bf4 Bf5 4. e3 e6 5. Bd3 Bg6 6. 0-0 Bd6 7. Bg5 h6 8. Bh4 0-0 9. Bxg6 fxg6 10. Ne5 g5 11. Bg3 Nbd7 12. f4 gxf4 13. exf4 Bxe5 14. fxe5 Ne4 15. Qd3 Qg5 16. Nc3 Nxc3 17. Qxc3 c6 18. Qb4 Nb6 19. b3 Rad8 20. a4 Rb8 21. Bf2 Rfe8 22. Qd6 Qe7 23. Bg3 Qxd6 24. exd6 Rbd8 25. Rf3 a5 26. Raf1 Rf8 27. Rxf8+ Rxf8 28. Rxf8+ Kxf8 29. Be5 g6 30. Bf4 h5 31. Bd2 Ke8 32. Bxa5 Nc8 33. Bb4 Kd7 34. Kf2 Nxd6 35. Bxd6 Kxd6 36. Ke3 e5 37. dxe5+ Kxe5 38. c3 c5 39. a5 Kd6 40. h4 Kc6 41. Kd3 Kb5 42. a6 Kxa6 43. c4 dxc4+ 44. Kxc4 Kb6 45. Kc3 Kb5 46. g3 Kc6 47. Kd3 Kd5 48. Kc3 b5 49. Kd3 b4 50. Kd2 Kd4 51. Ke2 c4 52. bxc4 Kxc4 53. Kf3 Kd5 54. g4 Ke5 55. gxh5 gxh5 56. Ke3 Kf5 57. Kd3 Kg4 58. Kc4 Kxh4 59. Kxb4 Kg3 60. Kc3 Kg2 0-1

[Event "GER-chT U14"]
[Site "Magdeburg"]
[Date "2019.12.30"]
[Round "7.10"]
[White "Behr, Julian"]
[Black "Lesnikowski, Maciej"]
[Result "1/2-1/2"]
[WhiteElo "1645"]
[BlackElo "1366"]
[PlyCount "92"]
[EventDate "2019.12.27"]
[EventType "team-swiss"]
[EventRounds "7"]
[EventCountry "GER"]
[SourceTitle "CBM 194 Extra"]
[Source "ChessBase"]
[SourceDate "2020.03.31"]
[SourceVersion "1"]
[SourceVersionDate "2020.03.31"]
[SourceQuality "1"]
[WhiteTeam "Landskrone"]
[BlackTeam "Hoyerswerda"]
[WhiteTeamCountry "GER"]
[BlackTeamCountry "GER"]

1. e4 e5 2. Nf3 d6 3. Bc4 Nc6 4. d3 Be7 5. h3 Be6 6. Bb3 Nf6 7. Nc3 h6 8. 0-0 Qd7 9. Be3 g5 10. Nh2 0-0-0 11. Nd5 Rdg8 12. Qe2 Kb8 13. a3 h5 14. f3 Rg7 15. Nxf6 Bxf6 16. Bxe6 Qxe6 17. b4 Be7 18. c3 f5 19. exf5 Qxf5 20. a4 Nd8 21. d4 Nf7 22. a5 Qd7 23. Qf2 a6 24. c4 Bf6 25. d5 Rgh7 26. Rab1 Qa4 27. Rfc1 Bd8 28. c5 dxc5 29. Bxc5 Qd7 30. Rd1 Nd6 31. Qe2 Re8 32. Rbc1 Qb5 33. Qc2 Rd7 34. Qg6 Rh8 35. Bxd6 Rxd6 36. Qe4 Re8 37. Nf1 c6 38. dxc6 Rxc6 39. Kh1 Rxc1 40. Rxc1 Re7 41. Qf5 Re8 42. Rc8+ Ka7 43. Nd2 Be7 44. Rxe8 Qxe8 45. Qxe5 Qd7 46. Qe3+ Ka8 1/2-1/2

[Event "GER-chT U14"]
[Site "Magdeburg"]
[Date "2019.12.27"]
[Round "2.10"]
[White "Lesnikowski, Maciej"]
[Black "Yergin, Danyar"]
[Result "1-0"]
[WhiteElo "1366"]
[BlackElo "1428"]
[PlyCount "89"]
[EventDate "2019.12.27"]
[EventType "team-swiss"]
[EventRounds "7"]
[EventCountry "GER"]
[SourceTitle "CBM 194 Extra"]
[Source "ChessBase"]
[SourceDate "2020.03.31"]
[SourceVersion "1"]
[SourceVersionDate "2020.03.31"]
[SourceQuality "1"]
[WhiteTeam "Hoyerswerda"]
[BlackTeam "Frankenthal"]
[WhiteTeamCountry "GER"]
[BlackTeamCountry "GER"]

1. e4 c6 2. d4 d5 3. exd5 cxd5 4. Nf3 Bg4 5. Bf4 Nc6 6. c3 e6 7. Bd3 Bd6 8. Bxd6 Qxd6 9. Bb5 Nge7 10. Nbd2 0-0 11. 0-0 a6 12. Bxc6 Nxc6 13. Re1 Rac8 14. h3 Bxf3 15. Nxf3 b5 16. b4 Rc7 17. Rc1 Rfc8 18. Qd2 h6 19. Qe3 a5 20. a3 Ra7 21. Re2 axb4 22. axb4 Rac7 23. Ree1 Nb8 24. Re2 Nd7 25. Rec2 Nb6 26. Ne5 Nc4 27. Nxc4 bxc4 28. Ra2 Re7 29. Re2 Ra8 30. Qd2 Rea7 31. g3 f6 32. Rce1 Re8 33. Qf4 Qxf4 34. gxf4 Rae7 35. h4 Kf7 36. Kg2 g5 37. fxg5 fxg5 38. hxg5 Rg8 39. f4 hxg5 40. f5 Rge8 41. fxe6+ Kg6 42. Re5 Rd8 43. Kg3 Rd6 44. Kg4 Kf6 45. Rf5+ 1-0